Statistics for Pac-man Quiz

Click here to take the quiz!

General Stats

  • This quiz has been taken 15 times
  • The average score is 7 of 15

Answer Stats

QuestionAnswer% Correct
Who many ghost are in the game?4
92%
Which YEAR did the arcade game come out?1980
85%
What is the name of the orange ghost?Clyde
77%
What is the name of the company that developed the game?Namco
62%
What is the last level in the original arcade version?256
62%
What is the name to the sequal to Pac-man?Ms. Pac-man
62%
Where does Pac-mans design come from?Pizza/Japanese symbol for mouth
46%
According to the Davie-Brown Index, who many American consumers recognized Pac-man(%)?94%
38%
What was the name of the single that got to an 9th place on the billboard top 100 based on the game?Pac-Man Fever
38%
How many points is the highest amount of points possible in teh original game?3 333 360
23%
What is the name of the 2010 computer-generated animated series titled?Pac-Man and the Ghostly Adventures
23%
What is the original name of the game?Pakkuman
15%
Who was the first person to get a perfect score in Pac-man?Billy Mitchell
15%
Weird Al Yankovic has a parody named Pac-man, What is the original name of this song?Tax-man
15%
What is the name of the creater?Toru Iwatani
8%

Score Distribution

Percentile by Number Answered

Percent of People with Each Score

Your Score History

You have not taken this quiz